000 00577nam a2200217Ia 4500
003 OSt
005 20221006170137.0
006 a|||||r|||| 00| 0
007 ta
008 221006b |||||||| |||| 00| 0 hin d
024 _a4,344
037 _cTextual
040 _aFML
_cFML
_bhin
041 _2hin
_ahin
082 _aO15,2:gxD57,1:g, 111K2
100 _aGhanshyam Cm.
_9681174
245 0 _aBhavbhooti
_b Uttar Ram Charitam
300 _ap.
_ccm.
942 _hO15,2:gxD57,1:g, 111K2
_cTEXL
_2CC
999 _c1123145
_d1123145